Biblioteca

Tratado de las lágrimas (Registro nro. 63841)

Detalles MARC
000 -LÍDER
Campo fijo de descripción fija 02295cam a2200505 4500
001 - NÚMERO DE CONTROL
Campo de control a3303361
003 - IDENTIFICADOR DEL NÚMERO DE CONTROL
Campo de control SpMaBN
005 - FECHA Y HORA DE LA ULTIMA TRANSACCIÓN
control field 20180622170554.0
008 - ELEMENTOS DE LONGITUD FIJA -- INFORMACIÓN GENERAL
Campo fijo de descripción fija -- Información general 080125s2007 sp | |||| 00 0 spa
017 ## - COPYRIGHT OR LEGAL DEPOSIT NUMBER
Copyright or legal deposit number S 1193-2007
Assigning agency Oficina Depósito Legal Salamanca
020 ## - NÚMERO INTERNACIONAL NORMALIZADO PARA LIBROS
Número Internacional Normalizado del libro 9788430116485
040 ## - FUENTE DE CATALOGACIÓN
Agencia de catalogación original SpMaBN
Idioma de catalogación spa
Agencia que realiza la transcripción CO-MdBIC
Convenciones de la descripción rdc
Agencia que realiza la modificación CO-MdFUSBC
041 1# - CÓDIGO DE IDIOMA
Código de idioma para texto/pista de sonido o título separado spa
Código de idioma original fre
080 ## - UNIVERSAL DECIMAL CLASSIFICATION NUMBER
Universal Decimal Classification number 248.14:22
082 ## - NÚMERO DE CLASIFICACIÓN DECIMAL DEWEY
Número de la edición del Dewey 24
Número de clasificación G 296.1119
Clave de autor-Numero de item C436t
100 1# - ASIENTO PRINCIPAL--NOMBRE PERSONAL
Nombre personal Chalier, Catherine
Fechas asociadas con el nombre 1947-
Término relacionador autor
240 10 - TITULO UNIFORME
Título uniforme <a href="Traité des larmes">Traité des larmes</a>
245 10 - TÍTULO
Título del Material Tratado de las lágrimas
Parte restante del título - Subtitulo : fragilidad de Dios, fragilidad del alma
Mención de responsabilidad, etc. Catherine Chalier ; traducido por Mercedes Huarte Luxán
260 #1 - PUBLICACIÓN, DISTRIBUCIÓN, ETC. (PIE DE IMPRENTA)
Fecha de publicación, distribución, etc. ℗2007
264 #4 - PRODUCCIÓN, PUBLICACIÓN, DISTRIBUCIÓN, MANUFACTURA, Y COPYRIGHT
Lugar de producción, publicación, distribución, manufactura Salamanca :
Nombre del productor, publicador, distribuidor Sígueme,
Fecha de producción, publicación, distribución, manufactura, o copyright ©2007
300 ## - DESCRIPCIÓN FÍSICA
Extensión 224 p. ;
Dimensiones 22 cm
336 ## - TIPO DE CONTENIDO
Fuente rdacontent
Término de tipo de contenido texto
Código de tipo de contenido txt
337 ## - TIPO DE MEDIO
Fuente rdamedia
Nombre del tipo de medio sin mediación
Código del tipo de medio n
338 ## - TIPO DE SOPORTE
Fuente rdacarrier
Nombre del tipo de soporte volumen
Código Tipo de soporte nc
490 ## - MENCIÓN DE SERIE
Mención de serie El peso de los días
505 ## - NOTA DE CONTENIDO
Información miscelánea A
Título imagen de Dios lo creó
505 ## - NOTA DE CONTENIDO
Nota de contenido con formato preestablecido Un Dios patético -- Los sollozos de Raquel
505 ## - NOTA DE CONTENIDO
Información miscelánea El
Título Don de las lágrimas
505 ## - NOTA DE CONTENIDO
Título Los ojos impasibles. Caín, Faraón y Amalek. Abrahán, Aarón y Job -- Las tres lágrimas de Esaú -- Rut y Orfá -- Mérito de bendición de las lagrimas.
505 ## - NOTA DE CONTENIDO
Información miscelánea El
Título Sufrimiento y el duelo
505 ## - NOTA DE CONTENIDO
Nota de contenido con formato preestablecido Llorar sin testigos. La hija de Jefté -- ¿Por quién llora Dios? -- Las lamentaciones de Jeremías --
505 ## - NOTA DE CONTENIDO
Información miscelánea El
Título Tiempo del mundo y el tiempo de las lagrimas
505 ## - NOTA DE CONTENIDO
Nota de contenido con formato preestablecido El tiempo del llanto y el tiempo de la risa -- La oración de las lagrimas: Ana -- lagrimas de nostalgia: ¿cantar en Babilonia? -- La vuelta a la vida
505 ## - NOTA DE CONTENIDO
Título Del miedo al amor
505 ## - NOTA DE CONTENIDO
Información miscelánea Lágrimas de reconciliación: José y sus hermanos -- La consolación de amor: Jacob y Raquel -- La irreductible libertad. -- El punto de bondad
505 ## - NOTA DE CONTENIDO
Título El despertar de la alegría
505 ## - NOTA DE CONTENIDO
Información miscelánea La alegría en el Eterno -- Lágrimas de alegría -- Las lágrimas del Mesías
534 ## - NOTA DE VERSION ORIGINAL
Publicación, distribución, etc. del original Traité des larmes. Fragilité de Diieu, gragilité de L'Âme
Frase introductoria Título original en francés:
630 07 - TITULO UNIFORME
Título uniforme Biblia.
Nombre de parte o sección de la obra Antiguo Testamento
650 #7 - ASIENTO SECUNDARIO DE MATERIA - TERMINO TEMÁTICO
Término temático o nombre geográfico como elemento de entrada Sufrimiento en la Biblia
Fuente del encabezamiento o término embne
700 ## - ASIENTO SECUNDARIO - NOMBRE PERSONAL
9 (RLIN) 798
Nombre personal Huarte Luxán, Mercedes
Responsabilidad traductor
942 ## - TIPO DE MATERIAL (KOHA)
Tipo de Item KOHA Libros General
Existencias
Estado de Material Estado de Perdido Forma de Clasificación Estado de Dañado No para Préstamo Colección Biblioteca de Origen Biblioteca Permanente Fecha de Adquisición Total de Préstamos Total de Renovaciones Signatura Topográfica Código de Barras Última vez visto Última vez Préstado Ejemplar/Existencia Fecha de Remplazo Tipo de Material
    Dewey Decimal Classification     Colección General Biblioteca FUSBC Biblioteca FUSBC 07/03/2017 2 2 G 296.1119 C436t 5310 22/05/2021 28/04/2021 Ej. 1 07/03/2017 Libros General

Biblioteca FUSBC | Teléfono: (57+4) 349 88 10 Ext. 141| WhatsApp (+57) 3005338115 
E-mail: biblioteca@unisbc.edu.co | Calle 76 87-14 Robledo Palenque, Medellín, Colombia

Con tecnología Koha